书目信息 |
| 题名: |
陀思妥耶夫斯基
|
|
| 作者: | 弗兰克 著 ;戴大洪 译 | |
| 分册: | ||
| 出版信息: | 桂林 广西师范大学出版社 2019.04 |
|
| 页数: | 573页 | |
| 开本: | 24cm | |
| 丛书名: | 文学纪念碑 | |
| 单 册: | ||
| 中图分类: | I512.064 | |
| 科图分类: | ||
| 主题词: | 文学研究--wen xue yan jiu--俄罗斯--近代 | |
| 电子资源: | ||
| ISBN: | 978-7-5598-1514-9 | |
| 000 | 01618nam 2200349 450 | |
| 001 | 202019137780 | |
| 005 | 20191026133321.0 | |
| 010 | @a978-7-5598-1514-9@b精装@dCNY98.00 | |
| 100 | @a20191023d2019 em y0chiy50 ea | |
| 101 | 1 | @achi@ceng |
| 102 | @aCN@b450000 | |
| 105 | @aa a 001yb | |
| 106 | @ar | |
| 200 | 1 | @a陀思妥耶夫斯基@Atuo si tuo ye fu si ji@e自由的苏醒@e1860-1865@f(美) 约瑟夫·弗兰克著@d= Dostoevsky@ethe stir of liberation@e1860-1865@fJoseph Frank@g戴大洪译@zeng |
| 210 | @a桂林@c广西师范大学出版社@d2019.04 | |
| 215 | @a573页@c图@d24cm | |
| 225 | 2 | @a文学纪念碑@Awen xue ji nian bei@v028 |
| 225 | 2 | @a约瑟夫·弗兰克作品@Ayue se fu · fu lan ke zuo pin@v03 |
| 314 | @a约瑟夫·弗兰克, 普林斯顿大学比较文学荣誉教授, 斯坦福大学比较文学和斯拉夫语语言文学荣誉教授。戴大洪, 1982年毕业于北京工业学院光学工程系。 | |
| 320 | @a有书目和有索引 | |
| 330 | @a本书是弗兰克教授关于陀思妥耶夫斯基生平、著作研究系列第三卷, 融合传记、文学批评和社会文化史的光辉典范。内容包括: 希望的时期 ; 宣言的年代 ; 波利娜 ; 乌托邦的牢笼。 | |
| 410 | 0 | @12001 @a文学纪念碑@v028 |
| 410 | 0 | @12001 @a约瑟夫·弗兰克作品@v03 |
| 500 | 10 | @aDostoevsky : the stir of liberation : 1860-1865@mChinese |
| 517 | 1 | @a自由的苏醒@Azi you de su xing |
| 600 | 1 | @a陀思妥耶夫斯基@Atuo si tuo ye fu si ji@g(Dostoyevsky, Fyodor Mikhailovich),@f1821-1881@x文学研究 |
| 606 | 0 | @a文学研究@Awen xue yan jiu@y俄罗斯@z近代 |
| 690 | @aI512.064@v5 | |
| 701 | 1 | @a弗兰克@Afu lan ke@g(Frank, Joseph),@f1918-2013@4著 |
| 702 | 0 | @a戴大洪@Adai da hong@4译 |
| 801 | 0 | @aCN@c20190905 |
| 905 | @a河南城建学院图书馆@dI512.064@eF593 | |
| 陀思妥耶夫斯基:自由的苏醒:1860-1865/(美) 约瑟夫·弗兰克著= Dostoevsky:the stir of liberation:1860-1865/Joseph Frank/戴大洪译.-桂林:广西师范大学出版社,2019.04 |
| 573页:图;24cm.-(文学纪念碑;028).-(约瑟夫·弗兰克作品;03) |
| ISBN 978-7-5598-1514-9(精装):CNY98.00 |
| 本书是弗兰克教授关于陀思妥耶夫斯基生平、著作研究系列第三卷, 融合传记、文学批评和社会文化史的光辉典范。内容包括: 希望的时期 ; 宣言的年代 ; 波利娜 ; 乌托邦的牢笼。 |
| ● |
| 相关链接 |
|
|
|
正题名:陀思妥耶夫斯基
索取号:I512.064/F593
 
预约/预借
| 序号 | 登录号 | 条形码 | 馆藏地/架位号 | 状态 | 备注 |
| 1 | 1446680 | 214466807 | 文学库116/116文学库 16排1列6层/ [索取号:I512.064/F593] | 在馆 | |
| 2 | 1446681 | 214466816 | 文学库116/116文学库 16排1列6层/ [索取号:I512.064/F593] | 在馆 |